| 000 | 00495nam a2200181Ia 4500 | ||
|---|---|---|---|
| 003 | 0100 | ||
| 005 | 20220524083038.0 | ||
| 008 | 130303s9999 xx 000 0 und d | ||
| 020 | _a521204426 | ||
| 040 | _cARRUPELIB | ||
| 050 | _aGN645.M27 1974 | ||
| 100 |
_aMair, Lucy Philip _943901 |
||
| 245 |
_aAfrican societies _cLucy Mair |
||
| 260 |
_aLondon _bCambridge University Press _c1974 |
||
| 300 |
_av, 251p. ; maps _c 22cm. |
||
| 700 |
_aLucy Philip Mair _951796 |
||
| 942 |
_2lcc _cMONOGRAPH |
||
| 999 |
_c13309 _d13309 |
||